Datum a čas kvízu
21
Celkem bodů
Celkový počet nahraných bodů na tomto kvízu bez doplňovacích otázek.
8.
Pořadí na kvízu
Konečné umístění týmu na tomto kvízu.
Zaznamenané odpovědi
| # | Otázka | Odpověď | Body | Výsledky |
|---|---|---|---|---|
| 1. | Facebook minulý týden zablokov... | Trutnov | 1 | |
| 2. | Syn jednoho amerického politik... | Donald Trump (mladší) | 0 | |
| 3. | V pondělí spustila Prima nový... | Prima Show | 1 | |
| 4. | Mark Zuckerberg minulý týden n... | Meta | 0 | |
| 5. | Unie českých fotbalových trené... | Pavel Vrba | 1 | |
| 6. | Pojďme se společně chvíli troc... | Casper | 1 | |
| 7. | I v nevinně vypadajících hračk... | Annabelle | 0 | |
| 8. | Máloco člověku způsobilo takov... | A) Doktor Spánek | 1 | |
| 9. | Dokážete správně přiřadit tyto... | 1D 2C 3B 4A | 1 | |
| 10. | Bílá paní je nejen nadpřirozen... | gin | 0 |